Statistics for Complete the Movie Title (2002)

Click here to take the quiz!

General Stats

  • This quiz has been taken 62 times
  • The average score is 18 of 25

Answer Stats

HintAnswer% Correct
The Lord of the Rings: The _____ of the RingFellowship
94%
Ice _____Age
92%
Harry Potter and the _____ of SecretsChamber
92%
Jimmy Neutron: Boy _____Genius
92%
The Bourne _____Identity
91%
Star Wars: Episode II - Attack of the _____Clones
89%
We Were ________Soldiers
87%
Austin Powers in __________Goldmember
77%
Eight Crazy _____Nights
77%
The _____ KingScorpion
74%
About a _____Boy
72%
The Sum of All _____Fears
72%
Red ______Dragon
70%
Spy Kids 2: Island of Lost ______Dreams
70%
A _____ to RememberWalk
70%
Changing _____Lanes
68%
Big Fat _____Liar
68%
In the _______Bedroom
60%
The _____ PropheciesMothman
58%
High ______Crimes
57%
Reign of _____Fire
57%
Divine Secrets of the Ya-Ya _____Sisterhood
53%
Undercover _____Brother
45%
Spirit: ________ of the CimarronStallion
43%
Blue _____Crush
42%

Score Distribution

Percentile by Number Answered

Percent of People with Each Score

Your Score History

You have not taken this quiz